Statistics for Kenneth Branagh Movies

Click here to take the quiz!

General Stats

  • This quiz has been taken 34 times
    (14 since last reset)
  • The average score is 13 of 31

Answer Stats

YearJobAnswer% Correct
2015DirectorCinderella
91%
1996Director/ActorHamlet
91%
1989Director/ActorHenry V.
91%
2017Director/ActorMurder on the Orient Express
82%
2011DirectorThor
82%
1993Director/ActorMuch Ado About Nothing
73%
1991Director/ActorDead Again
64%
2014Director/ActorJack Ryan: Shadow Recruit
64%
2000Director/ActorLove's Labour's Lost
64%
1994Director/ActorMary Shelley's Frankenstein
64%
2011ActorMy Week With Marilyn
64%
2017ActorDunkirk
55%
2002ActorHarry Potter and the Chamber of Secrets
55%
1992Director/ActorPeter's Friends
45%
1998ActorThe Gingerbread Man
45%
1999ActorWild Wild West
45%
1998ActorCelebrity
36%
2000ActorHow to Kill Your Neighbor's Dog
36%
2007DirectorSleuth
36%
1995ActorOthello
27%
2008ActorValkyrie
27%
2006DirectorThe Magic Flute
18%
1987ActorA Month in the Country
9%
2006DirectorAs You Like It
9%
2004ActorFive Children and It
9%
1987ActorHigh Season
9%
1995DirectorIn the Bleak Midwinter
9%
2002ActorRabbit-Proof Fence
9%
2009ActorThe Boat That Rocked
9%
1998ActorThe Proposition
9%
1998ActorThe Theory of Flight
9%

Score Distribution

Percentile by Number Answered

Percent of People with Each Score

Your Score History

You have not taken this quiz since the last reset